[Event "FRA-ch opA U18"]
[Site "Calvi"]
[Date "2005.04.??"]
[Round "1"]
[White "Fort, Maxence"]
[Black "D'Elia, Anthony"]
[Result "1/2-1/2"]
[WhiteElo "1360"]
[BlackElo "1864"]
[PlyCount "35"]
[EventDate "2005.04.??"]
[EventType "swiss"]
[EventRounds "9"]
[EventCountry "FRA"]
[SourceTitle "EXT 2006"]
[Source "ChessBase"]
[SourceDate "2005.11.24"]
[SourceVersion "1"]
[SourceVersionDate "2005.11.24"]
[SourceQuality "1"]

1. d4 Nf6 2. c4 d6 3. Nc3 Bf5 4. Nf3 c6 5. e3 Nbd7 6. Be2 Qc7 7. 0-0 e5 8. b4 e4 9. Nd2 d5 10. b5 Bb4 11. bxc6 bxc6 12. Qc2 0-0 13. Rb1 Bd6 14. h3 Rab8 15. Rb3 Qa5 16. c5 Rxb3 17. Nxb3 Qb4 18. cxd6 1/2-1/2